| 000 | 00433nam a2200145Ia 4500 | ||
|---|---|---|---|
| 008 | 220326s9999||||xx |||||||||||||| ||und|| | ||
| 020 | _a979-692-315-7 | ||
| 084 | _a10055 MOO Gov Bo.1 | ||
| 100 | _aH. Frazier Moore | ||
| 245 | 0 | _aHUMAS, Membangun Citra Dengan Komunikasi | |
| 260 |
_aBandung _bRemaja Rosda Karya _c2004 |
||
| 300 | _axi + 673 halaman | ||
| 650 |
_aGovernment (Pemerintahan) _eG-O-V _yHumas, Komunikasi |
||
| 942 | _cBK | ||
| 999 |
_c12564 _d12564 |
||